000 00661cam a2200217 i 4500
999 _c118377
_d118377
001 20683514
005 20200904154937.0
008 180926s2020 maua b 001 0 eng
020 _a9781284163025
020 _a9781284149005
040 _cPK-LaUMT
082 0 0 _a613.20846
_223
_bBER-N
100 1 _aBernstein, Melissa
245 1 0 _aNutrition for the older adult /
_cby Melissa Bernstein and Nancy Munoz
250 _a3rd ed.
260 _aBurlington :
_bJones & Bartlett Learning,
_c2020
300 _axxiv, 567 p. :
_bcolored illustrations ;
_c27 cm
650 1 2 _aElder Nutritional Physiological Phenomena
700 1 _aMunoz, Nancy,
942 _cBK